000 00472nam a22001457a 4500
999 _c535746
_d535746
082 _a611.018
100 _aKiran, Nazma
245 _aHistopathological Study of the Placenta in Maternal Anemia /
_cNazma Kiran.
260 _aIslamabad :
_bAMC - NUST,
_c2012.
300 _a119 p. : ill. ;
_c30cm.
942 _2ddc
_cTHE
650 _aHistopathology - M Phil Theses.
_930541
700 _aSup Dr. Alia Zubair.
_930542